000 00555nam a2200229Ia 4500
003 OSt
005 20221005125022.0
006 a|||||r|||| 00| 0
007 ta
008 221004b |||||||| |||| 00| 0 tam d
024 _a51772
037 _cTextual
040 _aCRL
_cCRL
_btam
041 _2tam
_atam
082 _aU8.1, 31K6
100 _aThani Nayak A. Au.
_9636079
245 0 _aOnre ulagam
260 _c1966
650 _aGEOGRAPHY
942 _hU8.1, 31K6
_cTEXL
_2cc
999 _c1052434
_d1052434